书目信息 |
| 题名: |
华尔兹
|
|
| 作者: | 伏宇军 著 | |
| 分册: | ||
| 出版信息: | 北京 人民体育出版社 2004 |
|
| 页数: | 188页 | |
| 开本: | 20cm | |
| 丛书名: | ||
| 单 册: | ||
| 中图分类: | J722.8 | |
| 科图分类: | ||
| 主题词: | 华尔兹舞 | |
| 电子资源: | ||
| ISBN: | 7-5009-2532-8 | |
| 000 | 00673nam0 2200229 45 | |
| 001 | 002670138 | |
| 005 | 20050331142554.9 | |
| 010 | @a7-5009-2532-8@dCNY12.00 | |
| 100 | @a20040625d2004 em y0chiy0110 ea | |
| 101 | 0 | @achi |
| 102 | @aCN@b110000 | |
| 105 | @aa z 000yy | |
| 200 | 1 | @a华尔兹@Ahua er zi@f伏宇军著@FFu Yu Jun Zhu |
| 210 | @a北京@c人民体育出版社@d2004 | |
| 215 | @a188页@c照片@d20cm | |
| 300 | @a规范社交舞教程 | |
| 330 | @a本书从华尔兹的礼仪、基本功等基本理论入手,对其舞蹈的步法,动作编排技巧等进行详细的介绍。 | |
| 606 | 0 | @a华尔兹舞 |
| 690 | @aJ722.8@v4 | |
| 701 | 0 | @a伏宇军@4著 |
| 801 | 0 | @aCN@bNLC@c20040720 |
| 905 | @f5@b347275-279@dJ722.8@e50 | |
| 华尔兹/伏宇军著.-北京:人民体育出版社,2004 |
| 188页:照片;20cm |
| 规范社交舞教程 |
| ISBN 7-5009-2532-8:CNY12.00 |
| 本书从华尔兹的礼仪、基本功等基本理论入手,对其舞蹈的步法,动作编排技巧等进行详细的介绍。 |
| ● |
| 相关链接 |
|
|
|
|
正题名:华尔兹
索取号:J722.8/50
 
预约/预借
| 序号 | 登录号 | 条形码 | 馆藏地/架位号 | 状态 | 备注 |
| 1 | 0347275 | 203472759 | 第一样本阅览室/ [索取号:J722.8/50] | 在馆 | |
| 2 | 0347276 | 203472768 | 第一借阅区/ [索取号:J722.8/50] | 在馆 | |
| 3 | 0347277 | 203472777 | 第一借阅区/ [索取号:J722.8/50] | 在馆 | |
| 4 | 0347278 | 203472786 | 第一借阅区/ [索取号:J722.8/50] | 在馆 | |
| 5 | 0347279 | 203472795 | 第一借阅区/ [索取号:J722.8/50] | 在馆 |